000 00447nam a22001817a 4500
003 MPLRDC
005 20220104180030.0
008 210129b ||||| |||| 00| 0 eng d
020 _a983-878-342-0
082 _a524.937 LANI 1994*
100 _aIDRIS BIN LANI
245 _a1001 SOALAN PMR MATEMATIK KBSM
_c
250 _a初版
260 _a
_bPENERBITAN PELANGI S/B
_c1994
300 _b
650 _a
942 _cBK
_o524.937 LANI 1994*
999 _c60710
_d60700